000 00322nam a2200133Ia 4500
005 20260328104336.0
008 260328s9999||||xx |||||||||||||| ||und||
100 _aBrown, Frank E.
245 0 _aRoman Architecture /
_cFrank E. Brown
260 _bPrentice-Hall
300 _a125 p.
650 _aARQUITECTOS
942 _cBK
999 _c11905
_d11905